| 000 | 00482nam a2200169Ia 4500 | ||
|---|---|---|---|
| 999 |
_c9023 _d9023 |
||
| 003 | OSt | ||
| 005 | 20200826145818.0 | ||
| 008 | 190216s9999||||xx |||||||||||||| ||und|| | ||
| 020 | _a9788126114610 | ||
| 040 | _coclc | ||
| 082 |
_a658.8403 _bERI/D |
||
| 100 |
_aErikson, J _94361 |
||
| 245 | 0 |
_aDictionary Of E-Commerce / _cJ Erikson |
|
| 260 |
_bAnmol Publications, _c2003. _aNew Delhi: |
||
| 300 | _a229p | ||
| 942 |
_cBK _2ddc _h658.8403 _iERI/D _k658.8403 _mERI/D |
||